000 01669cam0 2200397 ib4500
001 BY-MI0013-br4503990
005 20260423160728.0
010 ^a978-5-7833-2679-0
100 ^a20260422d2023 ab y0rusy50 ca
101 0 ^arus
102 ^aRU
105 ^aa z 000oy
109 ^ama
181 ^ai2
181 ^ab2
182 ^an
200 1 ^aАйболит
^eсказка в стихах с развивающими заданиями
^eдля дошкольного возраста
^fКорней Чуковский
^gхудожник И. Н. Приходкин
203 ^aТекст
^cнепосредственное
210 ^aМосква
^cФламинго
^d2023
215 ^a[14] с., включая обложку
^cцв. ил.
^d22 см
333 ^a0+
345 ^915 000 экз.
606 ^aЛИТЕРАТУРНАЯ СКАЗКА
^2BYGNR
^3BY-NLB-ar16440
608 ^aСТИХОТВОРНАЯ СКАЗКА
^2BYGNR
^3BY-NLB-ar2853774
608 ^aСКАЗКА
^2BYGNR
^3BY-NLB-ar30342
608 ^aДЕТСКАЯ И ЮНОШЕСКАЯ ЛИТЕРАТУРА (лит. произведение)
^2BYGNR
^3BY-NLB-ar9019
686 ^a84
^2rubbk
690 ^a1
^2Base
^9BY-MI0013
^xRSEK
700 1 ^aЧуковский
^bК. И.
^gКорней Иванович
^cписатель
^f1882—1969
^3BY-NLB-ar2359749
702 1 ^aПриходкин
^bИ. Н.
^gИгорь Николаевич
^cхудожник
^fрод. 1959
^4440
^3BY-SEK-ar13286706
801 0 ^aBY
^bBY-MI0013
^c20260422
^gRCR
035 ^a(BY-MI0013)BY-MI0013-br4503990
899 0 ^aBY-MI0013
^iЧ-88
^h84